000
00304nam a22001337a 4500
008
181106b xxu||||| |||| 00| 0 eng d
020
_a
9780470052372
041
_a
eng
080
_a
336
100
_a
52
101
_a
MAN
245
_a
The One Page Project Mnager
_c
Campbel.C.A
942
_2
udc
_c
BK
999
_c
51948
_d
51948